000 00791nam a22002177a 4500
999 _c16450
_d16450
003 AR-CdUCM
008 190503b ||||| |||| 00| 0 spa d
040 _aMUNICIPALIDAD PROVINCIAL DEL CUSCO
_cBIBLIOTECA MUNICIPAL DEL CUSCO
082 _a828.912 /
_bK57
100 _aKipling, Rudyard
_926003
245 _aEl libro de las tierras vírgenes /
260 _aSantiago de Chile :
_bEdiciones Ercilla,
_c1936.
300 _a207 páginas ;
_c19 cm.
440 _aBiblioteca Económica.
_n13
_935901
505 _aContenido: t.1: Los hermanos de Mowgli -- DE como vino el miedo -- ¡Al tigre! ¡Al tigre! -- La selva invasora ...
650 _aFábulas inglesas
_926005
650 _aSiglo XX
_98
650 _aLiteratura Inglesa
_926086
942 _2ddc
_cLIBROS
945 _aachl
_d2019-05-03